000
00329pab a2200157 454500
008
180718b2014 xxu||||| |||| 00| 0 eng d
100
_a
Priyam, Manisha
245
_a
Pipe dreams
260
_c
2014
300
_a
p.23-27.
362
_a
Nov
650
_a
Urbanization
773
_a
Seminar
908
_a
N
909
_a
106239
999
_c
106234
_d
106234